[Event "Suecia ch 2007 Mästare Elit"]
[Site "Stockholm SWE"]
[Date "2007.07.10"]
[Round "10"]
[White "Rosberg, Simon"]
[Black "Couso, Luis"]
[Result "0-1"]
[PlyCount "94"]
[EventDate "2007.06.30"]
[EventType "tourn"]
[EventRounds "13"]
[EventCountry "SWE"]
[Source "lmi"]
[SourceDate "2007.06.30"]
[WhiteElo "2205"]
[BlackElo "2358"]

1. d4 d5 2. c4 c6 3. Nf3 Nf6 4. e3 a6 5. b3 Bf5 6. Bd3 Bxd3 7. Qxd3 e6 8. O-O
Ne4 9. Nfd2 Nxd2 10. Nxd2 Be7 11. Bb2 O-O 12. c5 f5 13. f4 Nd7 14. Qe2 Nf6 15.
h3 Qe8 16. Bc3 Bd8 17. Kf2 h5 18. h4 Ng4+ 19. Kg3 Qg6 20. Kh3 Nf6 21. g3 a5 22.
a3 Bc7 23. b4 axb4 24. axb4 Qg4+ 25. Qxg4 Nxg4 26. Rfe1 Kf7 27. Kg2 Rxa1 28.
Rxa1 Nxe3+ 29. Kf3 Ng4 30. Ra7 Rb8 31. Nb3 Nf6 32. b5 cxb5 33. c6 Bb6 34. Rxb7+
Rxb7 35. cxb7 Nd7 36. Na5 Nb8 37. Bb4 Bc7 38. Ke2 Ke8 39. Kd3 Bxa5 40. Bxa5 Kd7
41. Kc3 Kc6 42. Bb4 Kxb7 43. Bf8 Nc6 44. Bxg7 Kb6 45. Kb3 Ka5 46. Bf6 b4 47.
Bg7 Kb5 0-1

[Event "Suecia ch 2007 Mästare Elit"]
[Site "Stockholm SWE"]
[Date "2007.07.10"]
[Round "10"]
[White "Akesson, Joel"]
[Black "Johansson, Gunnar"]
[Result "1-0"]
[PlyCount "107"]
[EventDate "2007.06.30"]
[EventType "tourn"]
[EventRounds "13"]
[EventCountry "SWE"]
[Source "lmi"]
[SourceDate "2007.06.30"]
[WhiteElo "2326"]
[BlackElo "2272"]

1. d4 d5 2. Nf3 Nf6 3. c4 c6 4. e3 Bf5 5. Nc3 e6 6. Nh4 Bg6 7. Nxg6 hxg6 8. g3
Nbd7 9. Qb3 Qc7 10. Bg2 Nb6 11. c5 Nbd7 12. Qa4 b6 13. cxb6 Qxb6 14. O-O Be7
15. e4 O-O 16. Rb1 Rac8 17. Be3 Rfd8 18. exd5 cxd5 19. Bf3 Qc6 20. Rfc1 Qxa4
21. Nxa4 Kf8 22. Be2 Bd6 23. Bd2 Nb6 24. Nxb6 axb6 25. a4 Ne4 26. Be1 Ra8 27.
f3 Nf6 28. Bb5 Ne8 29. Rc6 Nc7 30. Rbc1 Nxb5 31. axb5 Ke7 32. Rxb6 Ra2 33. Bc3
Rb8 34. Rxb8 Bxb8 35. Bb4+ Kd7 36. Ba3 Bd6 37. b6 Bxa3 38. bxa3 Rb2 39. Rc7+
Kd6 40. Rxf7 Rxb6 41. Rxg7 Rb3 42. Rxg6 Rd3 43. Rg4 Rxf3 44. Kg2 Rxa3 45. h4
Ra8 46. h5 Rh8 47. Rg5 Kc6 48. g4 Kb5 49. Kf3 Kc4 50. Ke3 Ra8 51. h6 Ra3+ 52.
Kf2 Kxd4 53. h7 Rh3 54. Rh5 1-0

[Event "Suecia ch 2007 Mästare Elit"]
[Site "Stockholm SWE"]
[Date "2007.07.10"]
[Round "10"]
[White "Tikkanen, Hans"]
[Black "Nilsson, Sebastian"]
[Result "1/2-1/2"]
[PlyCount "59"]
[EventDate "2007.06.30"]
[EventType "tourn"]
[EventRounds "13"]
[EventCountry "SWE"]
[Source "lmi"]
[SourceDate "2007.06.30"]
[WhiteElo "2394"]
[BlackElo "2218"]

1. d4 Nf6 2. c4 c5 3. d5 b5 4. cxb5 a6 5. b6 e6 6. Nc3 Nxd5 7. Nxd5 exd5 8.
Qxd5 Nc6 9. Nf3 Rb8 10. Bd2 Be7 11. Bc3 O-O 12. e4 Rxb6 13. Bc4 d6 14. Qh5 Bf6
15. O-O h6 16. e5 Bxe5 17. Nxe5 Nxe5 18. Bxe5 dxe5 19. Qxe5 Qd4 20. Qxd4 cxd4
21. b3 Be6 22. Bxe6 Rxe6 23. Rfd1 Re2 24. Rxd4 Rc8 25. a4 Rc3 26. b4 Ra2 27.
Rdd1 Rca3 28. Rxa2 Rxa2 29. b5 Rxa4 30. bxa6 1/2-1/2

[Event "Suecia ch 2007 Junior-SM"]
[Site "Stockholm SWE"]
[Date "2007.07.10"]
[Round "10"]
[White "Kockum, Anton Frisk"]
[Black "Lissang, Christopher"]
[Result "1/2-1/2"]
[PlyCount "124"]
[EventDate "2007.06.30"]
[EventType "tourn"]
[EventRounds "13"]
[EventCountry "SWE"]
[Source "lmi"]
[SourceDate "2007.06.30"]
[WhiteElo "2200"]
[BlackElo "2053"]

1. d4 Nf6 2. Nf3 e6 3. c4 d5 4. Nc3 dxc4 5. Bg5 Bb4 6. e4 c5 7. Bxc4 cxd4 8.
Nxd4 Bxc3+ 9. bxc3 Qa5 10. Bb5+ Bd7 11. Bxf6 gxf6 12. Qb3 a6 13. Be2 Nc6 14.
O-O Qc7 15. Rfd1 Rc8 16. Rac1 O-O 17. Qb2 Rfd8 18. Qd2 Ne5 19. Qh6 Ng6 20. g3
Ba4 21. Re1 Qc5 22. h4 Qf8 23. Qe3 Ne5 24. f4 Nc4 25. Qf2 e5 26. Bxc4 exd4 27.
Bd5 dxc3 28. Kh1 Bc6 29. Rxc3 Bxd5 30. Rxc8 Bxe4+ 31. Rxe4 Rxc8 32. Qe3 Qc5 33.
Qxc5 Rxc5 34. a4 Rc3 35. Kg2 Rb3 36. Rd4 Kg7 37. Kh3 Kg6 38. Rc4 h5 39. Rc5 Rb4
40. a5 Rb5 41. Rc7 Rxa5 42. Rxb7 Ra2 43. Ra7 a5 44. Ra8 a4 45. Ra5 a3 46. f5+
Kg7 47. Ra8 Kh7 48. Ra6 Kg7 49. Ra8 Ra1 50. Kg2 a2 51. Kh2 Kh7 52. Kg2 Kg7 53.
Kh2 Rf1 54. Rxa2 Rxf5 55. Kg2 Kg6 56. Ra8 Rb5 57. Kf3 Rb4 58. Ra5 Rg4 59. Ra6
Rc4 60. Rb6 Rc5 61. Ra6 Kf5 62. Ra3 Re5 1/2-1/2

[Event "Suecia ch 2007 Junior-SM"]
[Site "Stockholm SWE"]
[Date "2007.07.10"]
[Round "10"]
[White "Wickstrom, Lucas"]
[Black "Agrest, Inna"]
[Result "1/2-1/2"]
[PlyCount "64"]
[EventDate "2007.06.30"]
[EventType "tourn"]
[EventRounds "13"]
[EventCountry "SWE"]
[Source "lmi"]
[SourceDate "2007.06.30"]
[WhiteElo "2139"]
[BlackElo "2085"]

1. d4 Nf6 2. c4 g6 3. Nc3 Bg7 4. e4 d6 5. Nf3 O-O 6. Be2 Na6 7. O-O e5 8. Be3
c6 9. d5 Ng4 10. Bg5 f6 11. Bh4 c5 12. Ne1 Nh6 13. Nd3 Nf7 14. a3 h5 15. f4
exf4 16. Nxf4 Ne5 17. Ne6 Bxe6 18. dxe6 Qe7 19. Nb5 Rad8 20. Qd5 b6 21. Rad1
Kh7 22. Nxd6 g5 23. Qb7 Qxb7 24. Nxb7 Rxd1 25. Rxd1 gxh4 26. Bxh5 Ng6 27. Rd7
Nb8 28. Rc7 Na6 29. Rd7 Ne5 30. Rd1 Ng6 31. Rd7 Nb8 32. Rc7 Na6 1/2-1/2

[Event "Suecia ch 2007 Junior-SM"]
[Site "Stockholm SWE"]
[Date "2007.07.10"]
[Round "10"]
[White "Tadjerbashi, Amir"]
[Black "De Verdier, Michael"]
[Result "1-0"]
[PlyCount "170"]
[EventDate "2007.06.30"]
[EventType "tourn"]
[EventRounds "13"]
[EventCountry "SWE"]
[Source "lmi"]
[SourceDate "2007.06.30"]
[WhiteElo "2182"]
[BlackElo "2123"]

1. e4 e6 2. b3 c5 3. Bb2 Nc6 4. f4 d6 5. Nf3 Nf6 6. Qe2 Be7 7. g3 O-O 8. Bg2 a6
9. Na3 Qc7 10. O-O Bd7 11. c3 Rac8 12. Rfe1 b5 13. Nc2 Na5 14. d4 cxd4 15.
Ncxd4 Rfd8 16. Kh1 d5 17. exd5 Nxd5 18. Rac1 Bf6 19. Qe4 Bc6 20. Nxc6 Nxc6 21.
Ng5 Bxg5 22. fxg5 Nde7 23. c4 Qd6 24. cxb5 axb5 25. Rf1 Qd2 26. Rc2 Qxg5 27.
Rcf2 Nf5 28. Rf4 h5 29. Qf3 Rd7 30. Qf2 Nce7 31. Be4 Ng6 32. Rf3 Rd2 33. Qa7
Rxb2 34. Bxf5 Qd2 35. R1f2 Qd1+ 36. Rf1 Qd2 37. R1f2 exf5 38. Rxd2 Rc1+ 39. Kg2
Rxd2+ 40. Rf2 Rcc2 41. Rxd2 Rxd2+ 42. Kf3 Rxh2 43. Qb8+ Nf8 44. a4 bxa4 45.
bxa4 Ra2 46. Qa8 g5 47. a5 Ra3+ 48. Kf2 Ra2+ 49. Kf1 Kg7 50. a6 Ne6 51. a7 Nc7
52. Qd8 Ra1+ 53. Ke2 Ra2+ 54. Kd1 Ne6 55. a8=Q Rxa8 56. Qxa8 f4 57. gxf4 Nxf4
58. Qd8 Ne6 59. Qd6 Kf6 60. Ke2 Kf5 61. Kf3 Kg6 62. Ke4 Kf6 63. Qe5+ Ke7 64.
Kf5 h4 65. Qe3 Kd6 66. Kf6 Nf4 67. Qe5+ Kc6 68. Qxg5 Nd5+ 69. Kxf7 Kd6 70. Qxh4
Ke5 71. Qg5+ Ke4 72. Ke6 Nf4+ 73. Kd6 Nd3 74. Qd5+ Ke3 75. Qc4 Nf4 76. Ke5 Nd3+
77. Kf5 Nf2 78. Qf4+ Ke2 79. Qg3 Nd3 80. Ke4 Nf2+ 81. Kd4 Nd1 82. Qd3+ Ke1 83.
Qc2 Nf2 84. Ke3 Ng4+ 85. Kf3 Ne5+ 1-0

[Event "Suecia ch 2007 Junior-SM"]
[Site "Stockholm SWE"]
[Date "2007.07.10"]
[Round "10"]
[White "Andersson, Alexis"]
[Black "Zadruzny, Nicolaj"]
[Result "0-1"]
[PlyCount "64"]
[EventDate "2007.06.30"]
[EventType "tourn"]
[EventRounds "13"]
[EventCountry "SWE"]
[Source "lmi"]
[SourceDate "2007.06.30"]
[WhiteElo "2055"]
[BlackElo "2209"]

1. d4 Nf6 2. c4 e6 3. Nf3 b6 4. e3 Bb7 5. Bd3 Bb4+ 6. Bd2 a5 7. O-O O-O 8. Nc3
d6 9. Qe2 Nbd7 10. a3 Bxc3 11. Bxc3 Ne4 12. Bxe4 Bxe4 13. b4 f5 14. Nd2 axb4
15. axb4 Qg5 16. f3 Bb7 17. Rxa8 Rxa8 18. Ra1 Rxa1+ 19. Bxa1 Qd8 20. Nb1 Qa8
21. Qb2 Qa6 22. b5 Qa4 23. c5 bxc5 24. dxc5 Qd1+ 25. Kf2 Ne5 26. Qc3 Qxb1 27.
f4 Nd3+ 28. Kg3 Qe1+ 29. Kh3 Bxg2+ 30. Kxg2 Qf2+ 31. Kh3 Qf3+ 32. Kh4 Qg4# 0-1

[Event "Suecia ch 2007 Junior-SM"]
[Site "Stockholm SWE"]
[Date "2007.07.10"]
[Round "10"]
[White "Blomqvist, Erik"]
[Black "Grandelius, Nils"]
[Result "1/2-1/2"]
[PlyCount "67"]
[EventDate "2007.06.30"]
[EventType "tourn"]
[EventRounds "13"]
[EventCountry "SWE"]
[Source "lmi"]
[SourceDate "2007.06.30"]
[WhiteElo "2313"]
[BlackElo "2271"]

1. Nf3 e6 2. c4 f5 3. g3 Nf6 4. Bg2 Be7 5. O-O O-O 6. Nc3 d5 7. d3 d4 8. Nb5 c5
9. e3 a6 10. Na3 Nc6 11. exd4 cxd4 12. Re1 Bd6 13. Nc2 e5 14. b4 e4 15. dxe4 d3
16. e5 Nxe5 17. Nxe5 dxc2 18. Qxc2 Bxb4 19. Re2 Ne4 20. Rxe4 fxe4 21. Bxe4 g6
22. Bxg6 Qe7 23. Be4 Qxe5 24. Bxh7+ Kf7 25. Bb2 Qh5 26. Qe4 Be6 27. Re1 Bxe1
28. Qxb7+ Ke8 29. Qxa8+ Kf7 30. Qb7+ Ke8 31. Qc6+ Kf7 32. Qb7+ Ke8 33. Qc6+ Kf7
34. Qb7+ 1/2-1/2

[Event "Suecia ch 2007 Junior-SM"]
[Site "Stockholm SWE"]
[Date "2007.07.10"]
[Round "10"]
[White "Nithander, Victor"]
[Black "Vas, Peter"]
[Result "1-0"]
[PlyCount "57"]
[EventDate "2007.06.30"]
[EventType "tourn"]
[EventRounds "13"]
[EventCountry "SWE"]
[Source "lmi"]
[SourceDate "2007.06.30"]
[WhiteElo "2357"]
[BlackElo "2166"]

1. e4 e5 2. Nf3 Nf6 3. Nc3 Bb4 4. Nxe5 O-O 5. Be2 Re8 6. Nd3 Bxc3 7. dxc3 Nxe4
8. Nf4 d6 9. O-O Nc6 10. c4 Bf5 11. f3 Nc5 12. Rf2 a5 13. Bf1 Rc8 14. Bd2 Qf6
15. Bc3 Qg5 16. Nd5 Na4 17. Bd2 Qg6 18. Bc1 Nc5 19. b3 Nd7 20. Qd2 Nde5 21. Kh1
h5 22. Bb2 h4 23. h3 Qg3 24. f4 Nd7 25. Rf3 Qg6 26. Qf2 Be4 27. f5 Qh5 28. Rf4
Bxd5 29. Rxh4 1-0

[Event "Suecia ch 2007 Veteran-SM"]
[Site "Stockholm SWE"]
[Date "2007.07.10"]
[Round "6"]
[White "Kyhle, Bo"]
[Black "Akvist, Hakan"]
[Result "1-0"]
[PlyCount "121"]
[EventDate "2007.07.01"]
[EventCountry "SWE"]
[Source "lmi"]
[SourceDate "2007.06.30"]
[WhiteElo "2232"]
[BlackElo "2161"]

1. e4 d6 2. d4 Nf6 3. Nc3 g6 4. g3 Bg7 5. Bg2 O-O 6. Nge2 Nbd7 7. O-O Rb8 8. a4
a6 9. a5 b5 10. axb6 Rxb6 11. h3 Rb8 12. b3 c5 13. Be3 Qc7 14. Qd2 Bb7 15. d5
Bc8 16. Rab1 a5 17. Rfe1 Ba6 18. g4 Rfc8 19. Na4 Rb4 20. f3 Rcb8 21. Rbd1 Bxe2
22. Qxe2 Ne8 23. Bd2 R4b7 24. Bf1 Ra8 25. Bc3 Bxc3 26. Nxc3 Rb4 27. Qe3 Qb7 28.
Rd2 Nc7 29. h4 c4 30. Bxc4 a4 31. Na2 Rxc4 32. bxc4 Na6 33. Rdd1 Qc7 34. Qe2
Ne5 35. Kg2 Rb8 36. Nc3 Qa5 37. Nb5 Nc5 38. f4 Nxc4 39. Qxc4 Rxb5 40. Re3 Rb4
41. Qc3 Qb5 42. Rd4 Rb1 43. Re1 Rxe1 44. Qxe1 Qb2 45. Qd2 a3 46. Rb4 Qa2 47. g5
f6 48. Qc3 Kf7 49. h5 gxh5 50. gxf6 exf6 51. f5 h4 52. Kh3 Ke7 53. Kxh4 Kd7 54.
Qxf6 Qxc2 55. Qf7+ Kc8 56. Qe8+ Kc7 57. Qc6+ Kd8 58. Rb8+ Ke7 59. f6+ Kf7 60.
Qe8+ Kxf6 61. Qh8+ 1-0

[Event "Suecia ch 2007 Veteran-SM"]
[Site "Stockholm SWE"]
[Date "2007.07.10"]
[Round "6"]
[White "Soderborg, Berndt"]
[Black "Nordstrom, Felix"]
[Result "0-1"]
[PlyCount "90"]
[EventDate "2007.07.01"]
[EventCountry "SWE"]
[Source "lmi"]
[SourceDate "2007.06.30"]
[WhiteElo "2126"]
[BlackElo "2173"]

1. e4 e6 2. d4 d5 3. Nc3 Nf6 4. Bg5 dxe4 5. Bxf6 gxf6 6. Nxe4 f5 7. Ng3 c5 8.
Nf3 Nc6 9. dxc5 Bxc5 10. Qxd8+ Kxd8 11. c3 Ke7 12. Bb5 Bd7 13. O-O Rhd8 14.
Rfe1 Kf8 15. Rad1 Be8 16. Nh5 Be7 17. Nf4 Rxd1 18. Rxd1 Rd8 19. Rxd8 Bxd8 20.
Nd3 Ne5 21. Nfxe5 Bxb5 22. c4 Be8 23. Nc5 b6 24. Na6 Ke7 25. g3 Kd6 26. f4 Bf6
27. Nd3 Bc6 28. Kf2 Be4 29. Ne5 Bb7 30. c5+ bxc5 31. Nxc5 Bd5 32. Ncd3 Bxa2 33.
Nxf7+ Kd5 34. Nb4+ Kc4 35. Nxa2 Bxb2 36. Ng5 Kb3 37. Nxe6 Kxa2 38. Ke3 a5 39.
Nd4 Bxd4+ 40. Kxd4 Kb3 41. g4 a4 42. gxf5 a3 43. f6 a2 44. f7 a1=Q+ 45. Kd5 Qf6
0-1

[Event "Suecia ch 2007 Veteran-SM"]
[Site "Stockholm SWE"]
[Date "2007.07.10"]
[Round "6"]
[White "Johansson, Per"]
[Black "Ohman, Anders"]
[Result "1/2-1/2"]
[PlyCount "43"]
[EventDate "2007.07.01"]
[EventCountry "SWE"]
[Source "lmi"]
[SourceDate "2007.06.30"]
[WhiteElo "2003"]
[BlackElo "2067"]

1. d4 d5 2. Nf3 Nf6 3. c4 c6 4. Qb3 dxc4 5. Qxc4 Be6 6. Qc2 Bd5 7. Nbd2 Bxf3 8.
Nxf3 e6 9. g3 Bb4+ 10. Bd2 Bxd2+ 11. Qxd2 Nbd7 12. Bg2 O-O 13. O-O Re8 14. Qb4
Qb6 15. Qxb6 axb6 16. Rfd1 Kf8 17. a3 Ke7 18. e3 h6 19. Bf1 Red8 20. Bc4 Ra7
21. Rac1 Raa8 22. Kf1 1/2-1/2

[Event "Suecia ch 2007 Veteran-SM"]
[Site "Stockholm SWE"]
[Date "2007.07.10"]
[Round "6"]
[White "Andersson, Sven-Olof"]
[Black "Gustavsson, Sture"]
[Result "1/2-1/2"]
[PlyCount "30"]
[EventDate "2007.07.01"]
[EventCountry "SWE"]
[Source "lmi"]
[SourceDate "2007.06.30"]
[WhiteElo "2095"]
[BlackElo "2109"]

1. d4 Nf6 2. Nf3 e6 3. g3 b6 4. Bg2 Bb7 5. O-O d5 6. b3 Nbd7 7. Bb2 Be7 8. Nbd2
O-O 9. Ne5 Nxe5 10. dxe5 Nd7 11. c4 f5 12. Qc2 c6 13. Rfd1 Rc8 14. Rac1 Qe8 15.
e3 g5 1/2-1/2

[Event "Suecia ch 2007 SM-gruppen"]
[Site "Stockholm SWE"]
[Date "2007.07.11"]
[Round "11"]
[White "Hamark, Jesper"]
[Black "Smith, Axel"]
[Result "1-0"]
[PlyCount "125"]
[EventDate "2007.06.30"]
[EventType "tourn"]
[EventRounds "13"]
[EventCountry "SWE"]
[Source "lmi"]
[SourceDate "2007.06.30"]
[WhiteElo "2289"]
[BlackElo "2284"]

1. f4 d5 2. Nf3 Nf6 3. d3 c5 4. g3 Nc6 5. Bg2 e6 6. O-O Bd6 7. Nc3 e5 8. fxe5
Nxe5 9. Bg5 Be6 10. e4 d4 11. Nd5 O-O 12. Nxe5 Bxe5 13. Bxf6 gxf6 14. Qh5 Kg7
15. Rf2 Rg8 16. Raf1 Bxd5 17. exd5 Kh8 18. Be4 Rg7 19. Rf5 Qg8 20. Kh1 Rd8 21.
R1f3 Rd6 22. a4 Ra6 23. b3 b5 24. axb5 Ra1+ 25. Rf1 Rxf1+ 26. Rxf1 Qb8 27. Ra1
f5 28. Qxf5 Bxg3 29. hxg3 Qxg3 30. Qh5 f5 31. Qh2 Qe3 32. Rf1 Rg3 33. Bg2 Rg6
34. Rf3 Qc1+ 35. Qg1 Qxc2 36. Rh3 Qxb3 37. Qf1 Qxb5 38. Qxf5 Qb1+ 39. Qf1 Qxf1+
40. Bxf1 a5 41. Bg2 Ra6 42. Be4 h6 43. Rh2 Kg7 44. Rc2 a4 45. Rxc5 a3 46. Rc1
Kf6 47. Kg2 Ke5 48. Kf3 Rf6+ 49. Kg3 Rb6 50. Ra1 Ra6 51. Rh1 Rf6 52. Rh2 h5 53.
Rxh5+ Kd6 54. Rh8 Kc5 55. Ra8 Kb4 56. Kg4 Kb3 57. Kg5 Rb6 58. Kf5 a2 59. Ke5
Rb5 60. Ke6 Kb2 61. d6 Ka1 62. Bd5 Rb8 63. Rxa2+ 1-0

[Event "Suecia ch 2007 SM-gruppen"]
[Site "Stockholm SWE"]
[Date "2007.07.11"]
[Round "11"]
[White "Lindberg, Bosse"]
[Black "Lindberg, Bengt"]
[Result "0-1"]
[PlyCount "142"]
[EventDate "2007.06.30"]
[EventType "tourn"]
[EventRounds "13"]
[EventCountry "SWE"]
[Source "lmi"]
[SourceDate "2007.06.30"]
[WhiteElo "2361"]
[BlackElo "2443"]

1. d4 Nf6 2. c4 e6 3. Nc3 Bb4 4. Qc2 O-O 5. e4 d6 6. e5 dxe5 7. dxe5 Ng4 8. Nf3
Nc6 9. a3 Be7 10. Bf4 f5 11. Rd1 Qe8 12. h3 Nh6 13. Qc1 Nf7 14. Nb5 Bd8 15. Qe3
a6 16. Nc3 Ne7 17. Be2 b6 18. O-O Ng6 19. Bh2 Bb7 20. Ne1 Bg5 21. f4 Be7 22.
Nd3 Nh4 23. Rf2 Qc6 24. Bf1 Qxc4 25. Bg3 Qc6 26. Kh2 Rfd8 27. Rfd2 Ng6 28. Qf2
Qe8 29. Be2 c5 30. Bf3 Bc6 31. b3 Rac8 32. Nb2 b5 33. a4 Rxd2 34. Rxd2 Rd8 35.
Rxd8 Nxd8 36. Be2 Qd7 37. axb5 axb5 38. Qe3 Nb7 39. Qd3 b4 40. Qxd7 Bxd7 41.
Nb1 Na5 42. Nd2 Bc6 43. Kg1 Bd5 44. Nbc4 Nxc4 45. Nxc4 Bh4 46. Bxh4 Nxh4 47.
Bf1 Ng6 48. g3 Ne7 49. Na5 Nc6 50. Nxc6 Bxc6 51. Bc4 Bd5 52. Bxd5 exd5 53. Kf2
c4 54. Ke3 cxb3 55. Kd2 d4 56. Kd3 Kf7 57. Kd2 Ke6 58. Kd3 Kd5 59. Kd2 g6 60.
Kd3 Kc5 61. Kd2 b2 62. Kc2 b3+ 63. Kxb2 Kc4 64. e6 d3 65. e7 d2 66. e8=Q d1=Q
67. Qc6+ Kd3 68. Qd5+ Ke2 69. Qg2+ Ke3 70. Ka3 Qc2 71. Qg1+ Kf3 0-1

[Event "Suecia ch 2007 SM-gruppen"]
[Site "Stockholm SWE"]
[Date "2007.07.11"]
[Round "11"]
[White "Brynell, Stellan"]
[Black "Carlsson, Pontus"]
[Result "1/2-1/2"]
[PlyCount "45"]
[EventDate "2007.06.30"]
[EventType "tourn"]
[EventRounds "13"]
[EventCountry "SWE"]
[Source "lmi"]
[SourceDate "2007.06.30"]
[WhiteElo "2459"]
[BlackElo "2480"]

1. d4 Nf6 2. c4 e6 3. Nf3 b6 4. g3 Ba6 5. b3 Bb4+ 6. Bd2 Be7 7. Bg2 c6 8. Bc3
d5 9. Ne5 Nfd7 10. Nxd7 Nxd7 11. Nd2 O-O 12. O-O Rb8 13. e4 b5 14. Re1 dxc4 15.
bxc4 bxc4 16. Qc2 Re8 17. Rad1 Qc8 18. Bf1 Nb6 19. a4 c5 20. a5 cxd4 21. Bxd4
Nd7 22. Bxa7 Rb5 23. Qxc4 1/2-1/2

[Event "Suecia ch 2007 SM-gruppen"]
[Site "Stockholm SWE"]
[Date "2007.07.11"]
[Round "11"]
[White "Furhoff, Johan"]
[Black "Berg, Emanuel"]
[Result "1-0"]
[PlyCount "55"]
[EventDate "2007.06.30"]
[EventType "tourn"]
[EventRounds "13"]
[EventCountry "SWE"]
[Source "lmi"]
[SourceDate "2007.06.30"]
[WhiteElo "2397"]
[BlackElo "2581"]

1. e4 c5 2. Nc3 a6 3. g3 b5 4. Bg2 Bb7 5. Nge2 b4 6. Nd5 e6 7. Ne3 Nf6 8. d3 h5
9. f4 h4 10. O-O hxg3 11. hxg3 Qc7 12. a3 bxa3 13. bxa3 d6 14. Rb1 Bc6 15. f5
d5 16. fxe6 dxe4 17. exf7+ Qxf7 18. Nf4 Nbd7 19. dxe4 Be7 20. Nfd5 O-O 21. Nf5
Bd8 22. Bh6 Bxd5 23. exd5 Qg6 24. Bxg7 Rf7 25. d6 Rc8 26. Bd5 Nxd5 27. Qxd5 Kh7
28. Qh1+ 1-0

[Event "Suecia ch 2007 SM-gruppen"]
[Site "Stockholm SWE"]
[Date "2007.07.11"]
[Round "11"]
[White "Hillarp Persson, Tiger"]
[Black "Ong, Kezli"]
[Result "0-1"]
[PlyCount "89"]
[EventDate "2007.06.30"]
[EventType "tourn"]
[EventRounds "13"]
[EventCountry "SWE"]
[Source "lmi"]
[SourceDate "2007.06.30"]
[WhiteElo "2567"]
[BlackElo "2236"]

1. d4 Nf6 2. c4 e6 3. Nc3 Bb4 4. e3 O-O 5. Bd3 c5 6. a3 Bxc3+ 7. bxc3 Nc6 8.
Ne2 b6 9. e4 Ne8 10. O-O Ba6 11. f4 f5 12. exf5 exf5 13. Ng3 g6 14. dxc5 bxc5
15. Be3 d6 16. Bxf5 gxf5 17. Qd5+ Kh8 18. Qxc6 Bxc4 19. Rfd1 Qc8 20. Rxd6 Nxd6
21. Qxd6 Qe6 22. Qxc5 Kg8 23. Bd4 Rf7 24. h3 Bd5 25. Kh2 Rc8 26. Qa5 h6 27. Rd1
Ba8 28. Rd2 Kh7 29. Qe5 Qg6 30. Nf1 Rg8 31. Qe2 Qc6 32. Ne3 Qe4 33. Be5 Re7 34.
Qf2 Bc6 35. Rd4 Qxe3 36. Qxe3 Rxg2+ 37. Kh1 Rg3+ 38. Kh2 Rxe3 39. Rd6 Ba8 40.
h4 Re2+ 41. Kh3 Re3+ 42. Kh2 Re4 43. h5 Re2+ 44. Kh3 Re3+ 45. Kh2 0-1

[Event "Suecia ch 2007 SM-gruppen"]
[Site "Stockholm SWE"]
[Date "2007.07.11"]
[Round "11"]
[White "Cramling, Pia"]
[Black "Akesson, Ralf"]
[Result "1-0"]
[PlyCount "71"]
[EventDate "2007.06.30"]
[EventType "tourn"]
[EventRounds "13"]
[EventCountry "SWE"]
[Source "lmi"]
[SourceDate "2007.06.30"]
[WhiteElo "2533"]
[BlackElo "2477"]

1. d4 Nf6 2. Nf3 e6 3. c4 b6 4. g3 Bb7 5. Bg2 Be7 6. O-O O-O 7. Re1 Na6 8. Ne5
Bxg2 9. Kxg2 Qc8 10. e4 Qb7 11. Bg5 Rad8 12. Ng4 Nd5 13. h4 f6 14. Bc1 Ndb4 15.
a3 Nc6 16. d5 Na5 17. Ne3 b5 18. cxb5 Qxb5 19. b4 Nc4 20. Nc3 Nxe3+ 21. Bxe3
Qb7 22. Qd4 f5 23. Qxa7 Qxa7 24. Bxa7 fxe4 25. dxe6 d5 26. Rac1 c6 27. Ne2 Ra8
28. Be3 Nb8 29. Rc3 Re8 30. Bd4 Bd8 31. Nf4 g5 32. hxg5 Bxg5 33. Rh1 Ra4 34.
Rh5 h6 35. Nh3 Rxe6 36. Nxg5 1-0

[Event "Suecia ch 2007 SM-gruppen"]
[Site "Stockholm SWE"]
[Date "2007.07.11"]
[Round "11"]
[White "Johansson, Jan"]
[Black "Karlsson, Lars"]
[Result "0-1"]
[PlyCount "64"]
[EventDate "2007.06.30"]
[EventType "tourn"]
[EventRounds "13"]
[EventCountry "SWE"]
[Source "lmi"]
[SourceDate "2007.06.30"]
[WhiteElo "2441"]
[BlackElo "2493"]

1. d4 e6 2. e4 d5 3. Nc3 Bb4 4. exd5 exd5 5. Qf3 Nf6 6. Bg5 Be6 7. Bxf6 Qxf6 8.
Qxf6 gxf6 9. Bd3 c5 10. dxc5 Nc6 11. O-O-O Bxc5 12. f3 Be3+ 13. Kb1 f5 14. Nge2
O-O-O 15. Ng3 Ne7 16. Nh5 Rhg8 17. g3 Rg5 18. Nf4 Bxf4 19. gxf4 Rg2 20. Ne2 h5
21. Rde1 Rdg8 22. Nd4 Kd7 23. Kc1 Ng6 24. Bxf5 Nxf4 25. Bd3 h4 26. Bf1 Rf2 27.
Re3 h3 28. Kd1 Kd6 29. Ke1 Rfg2 30. Ne2 Rxe2+ 31. Rxe2 Nxe2 32. Kxe2 Ke5 0-1

[Event "Suecia ch 2007 Mästare Elit"]
[Site "Stockholm SWE"]
[Date "2007.07.11"]
[Round "11"]
[White "Couso, Luis"]
[Black "Tikkanen, Hans"]
[Result "0-1"]
[PlyCount "76"]
[EventDate "2007.06.30"]
[EventType "tourn"]
[EventRounds "13"]
[EventCountry "SWE"]
[Source "lmi"]
[SourceDate "2007.06.30"]
[WhiteElo "2358"]
[BlackElo "2394"]

1. e4 g6 2. d4 Bg7 3. Nc3 d6 4. Be3 a6 5. f4 b5 6. Bd3 Bb7 7. Nf3 Nd7 8. e5 c5
9. Be4 Bxe4 10. Nxe4 Nh6 11. Qe2 cxd4 12. Bxd4 Nf5 13. O-O-O Nxd4 14. Rxd4 O-O
15. Rhd1 Qa5 16. Kb1 Nb6 17. exd6 exd6 18. f5 Rfe8 19. Qd3 Nc4 20. f6 Bf8 21.
c3 Qb6 22. Nfg5 d5 23. Qh3 h6 24. Rxd5 Qe3 25. Qd7 hxg5 26. Nxg5 Ra7 27. Qxe8
Qxe8 28. Rd8 Ra8 29. Rxe8 Rxe8 30. Rd7 Re1+ 31. Kc2 Re2+ 32. Kd1 Rxg2 33. Nxf7
Nxb2+ 34. Kc1 Nd3+ 35. Kb1 Rb2+ 36. Ka1 Rf2 37. Rxd3 Kxf7 38. Rd7+ Ke8 0-1

[Event "Suecia ch 2007 Mästare Elit"]
[Site "Stockholm SWE"]
[Date "2007.07.11"]
[Round "11"]
[White "Janse, Love"]
[Black "Rosberg, Simon"]
[Result "0-1"]
[PlyCount "80"]
[EventDate "2007.06.30"]
[EventType "tourn"]
[EventRounds "13"]
[EventCountry "SWE"]
[Source "lmi"]
[SourceDate "2007.06.30"]
[WhiteElo "2090"]
[BlackElo "2205"]

1. e4 e6 2. d3 d5 3. Qe2 Be7 4. Nf3 Nf6 5. g3 c5 6. Bg2 Nc6 7. O-O b6 8. e5 Nd7
9. c4 d4 10. h4 Qc7 11. Bf4 Bb7 12. Nbd2 O-O-O 13. a3 h6 14. Rfe1 Rdg8 15. Ne4
Qd8 16. h5 Nf8 17. Reb1 g5 18. hxg6 Nxg6 19. Qd2 a5 20. Re1 Qc7 21. Re2 h5 22.
Neg5 Rg7 23. Kf1 h4 24. gxh4 Nxh4 25. Nxh4 Rxh4 26. Nf3 Rh5 27. Bg3 Nb8 28.
Ree1 Rf5 29. Ke2 Bc6 30. Qh6 Rg6 31. Qh8+ Kd7 32. Nh4 Bxh4 33. Bxc6+ Nxc6 34.
Qxh4 Nxe5 35. Bxe5 Qxe5+ 36. Kd2 Qf6 37. Qe4 Rxf2+ 38. Re2 Qg5+ 39. Kc2 Rxe2+
40. Qxe2 Qg2 0-1

[Event "Suecia ch 2007 Mästare Elit"]
[Site "Stockholm SWE"]
[Date "2007.07.11"]
[Round "11"]
[White "Glimbrant, Torbjorn"]
[Black "Hedman, Erik"]
[Result "1/2-1/2"]
[PlyCount "56"]
[EventDate "2007.06.30"]
[EventType "tourn"]
[EventRounds "13"]
[EventCountry "SWE"]
[Source "lmi"]
[SourceDate "2007.06.30"]
[WhiteElo "2282"]
[BlackElo "2346"]

1. e4 e6 2. d4 d5 3. Nc3 Bb4 4. e5 Ne7 5. a3 Bxc3+ 6. bxc3 c5 7. Qg4 O-O 8. Bd3
Qa5 9. Bd2 f5 10. exf6 Rxf6 11. Qh5 Nf5 12. Nf3 c4 13. Bxf5 Rxf5 14. Ng5 h6 15.
h4 Nd7 16. Qe8+ Nf8 17. g4 Rf6 18. f4 e5 19. fxe5 Rf4 20. Bxf4 Qxc3+ 21. Kf2
hxg5 22. hxg5 Bxg4 23. Qxa8 Qf3+ 24. Kg1 Qxf4 25. Rh2 Qg3+ 26. Rg2 Qe3+ 27. Rf2
Qg3+ 28. Rg2 Qe3+ 1/2-1/2